Normal view
MARC view
Entry Meeting Name
001 - CONTROL NUMBER
- control field: 27216
003 - CONTROL NUMBER IDENTIFIER
- control field: ARRUPE
005 - DATE AND TIME OF LATEST TRANSACTION
- control field: 20161102115524.0
008 - FIXED-LENGTH DATA ELEMENTS
- fixed length control field: 161102|| aca||aabn | a|a d
040 ## - CATALOGING SOURCE
- Original cataloging agency: ARRUPE
- Transcribing agency: ARRUPE
111 ## - HEADING--MEETING NAME
- Meeting name or jurisdiction name as entry element:
- Date of meeting:
670 ## - SOURCE DATA FOUND
- Source citation: Work cat.: (ARRUPE)0: The rediscovery of Newman:, 1967.